000 00802nam a2200253Ia 4500
003 OSt
005 20220923230621.0
006 a|||||r|||| 00| 0
007 ta
008 Pun
020 _c250
024 _a284,514
037 _b934, 23/03/2015, H.K. Prakashan
_cTextual
040 _aARTS
_cARTS
_bPun
041 _2Pun
_aPun
082 _aO153:g, P6
100 _aਜਸਬੀਰ ਕੇਸਰ, ਥਦ.
_9156363
245 0 _aਕੇਸਰ ਸਿੰਘ ਕੇਸਰ
_b ਸਿਧਾਂਤ ਚਿੰਤਨ
260 _aਚੰਡੀਗੜ
_b ਲੋਕਗੀਤ
_c2006
300 _a216ਪੰ
_ccm.
650 _aਪੰਜਾਬੀ ਸਾਹਿਤ
942 _hO153:g, P6
_cTEXL
_2CC
999 _c386076
_d386076